مكتبة جامعة عجلون الوطنية

فهرس بحث المكتبة

دور المفاوضات في ادارة الازمات الدولية:دراسة نظرية مع تطبيق على ازمة الملف النووي الايراني (Record no. 16633)

MARC details
000 -LEADER
fixed length control field 00849nam a2200229Ii 4500
003 - CONTROL NUMBER IDENTIFIER
control field JO-AjNU
008 - FIXED-LENGTH DATA ELEMENTS--GENERAL INFORMATION
fixed length control field 230605s9999||||xx |||||||||||||| ||und||
017 ## - COPYRIGHT OR LEGAL DEPOSIT NUMBER
Copyright or legal deposit number 2010/14111
020 ## - INTERNATIONAL STANDARD BOOK NUMBER
International Standard Book Number 978-977-428-014-6
040 ## - CATALOGING SOURCE
Original cataloging agency JO-AjNU
Language of cataloging ara
Description conventions rda
Transcribing agency JO-AjNU
041 ## - LANGUAGE CODE
Language code of text/sound track or separate title ara
050 14 - LIBRARY OF CONGRESS CALL NUMBER
Classification number HD49.2011
100 3# - MAIN ENTRY--PERSONAL NAME
Personal name محمد،ولاء علي,
Relator term author
9 (RLIN) 32380
245 00 - TITLE STATEMENT
Title دور المفاوضات في ادارة الازمات الدولية:دراسة نظرية مع تطبيق على ازمة الملف النووي الايراني
250 ## - EDITION STATEMENT
Edition statement ط1
264 31 - PRODUCTION, PUBLICATION, DISTRIBUTION, MANUFACTURE, AND COPYRIGHT NOTICE
Place of production, publication, distribution, manufacture القاهرة:مصر العربية للنشر والتوزيع،2011
300 ## - PHYSICAL DESCRIPTION
Extent 335ص
336 ## - CONTENT TYPE
Content type term text
Content type code txt
Source rdacontent
337 ## - MEDIA TYPE
Media type term unmediated
Media type code n
Source rdamedia
338 ## - CARRIER TYPE
Carrier type term volume
Carrier type code nc
Source rdacarrier
650 #4 - SUBJECT ADDED ENTRY--TOPICAL TERM
Topical term or geographic name entry element المفاوضات-المنازعات الدولية
9 (RLIN) 32381
Holdings
Withdrawn status Lost status Source of classification or shelving scheme Damaged status Not for loan Home library Current library Shelving location Date acquired Total Checkouts Full call number Barcode Date last seen Price effective from Koha item type
    Library of Congress Classification     مكتبة جامعة عجلون الوطنية مكتبة جامعة عجلون الوطنية المجموعات العامة 06/06/2023   HD49.2011 A13065 06/06/2023 06/06/2023 Books